[Event "6tth ch-EUR IBCA 2015"]
[Site "Lyon FRA"]
[Date "2015.08.02"]
[Round "9.24"]
[White "Cizman, Gregor"]
[Black "Siret, Bernard"]
[Result "1/2-1/2"]
[WhiteElo "1618"]
[BlackElo "1698"]
[WhiteFideId "14605660"]
[BlackFideId "20618948"]
[EventDate "2015.07.25"]

1. d4 f5 2. e4 fxe4 3. Nc3 Nf6 4. Bg5 e6 5. Nxe4 Be7 6. Nxf6+ Bxf6 7. Bxf6 Qxf6
8. Bd3 Nc6 9. c3 b6 10. Nf3 Bb7 11. O-O O-O-O 12. Qe2 Kb8 13. Rae1 h6 14. Ne5
Rhf8 1/2-1/2

[Event "6tth ch-EUR IBCA 2015"]
[Site "Lyon FRA"]
[Date "2015.08.02"]
[Round "9.26"]
[White "Lapadatu, Teodor"]
[Black "Platon, Constantin"]
[Result "1/2-1/2"]
[WhiteElo "1846"]
[BlackElo "1701"]
[WhiteFideId "1212508"]
[BlackFideId "13904264"]
[EventDate "2015.07.25"]

1. Nf3 d6 2. d4 Bg4 3. h3 Bxf3 4. exf3 Nf6 5. Bd3 e6 6. O-O Be7 7. c3 O-O 8. Nd2
d5 9. Re1 c5 10. dxc5 Bxc5 11. Nb3 Bb6 12. Be3 Nbd7 13. Bxb6 1/2-1/2

[Event "6tth ch-EUR IBCA 2015"]
[Site "Lyon FRA"]
[Date "2015.08.02"]
[Round "9.27"]
[White "Dietsche, Birgit"]
[Black "Drazetic, Novica"]
[Result "1/2-1/2"]
[WhiteElo "1487"]
[BlackElo "1613"]
[WhiteFideId "4637488"]
[BlackFideId "14529483"]
[EventDate "2015.07.25"]

1. d4 d5 2. Bf4 c5 3. e3 Nc6 4. Nf3 Bg4 5. Nbd2 e6 6. Be2 Nf6 7. c3 cxd4 8. exd4
Bd6 9. Bxd6 Qxd6 10. O-O O-O 11. Re1 h6 12. Ne5 Bf5 13. Nxc6 bxc6 14. Nf3 Rfc8
15. Bd3 Ne4 16. Bxe4 Bxe4 17. Rc1 Rc7 18. Nd2 Bg6 19. Nf3 Bh5 20. Qd3 Bxf3 21.
Qxf3 c5 22. h3 Rac8 23. Rcd1 cxd4 24. Rxd4 Rc4 25. Rxc4 Rxc4 26. Qh5 Qc6 27. Re2
d4 28. Qh4 Qd6 29. Qe4 e5 30. Rd2 Qc7 31. Qa8+ Kh7 32. Qe4+ g6 33. cxd4 Rc1+ 34.
Kh2 exd4+ 35. g3 Qc5 36. Qf3 Kg7 37. Kg2 Qc4 38. Qd3 Rc2 39. Qxd4+ Qxd4 40. Rxd4
Rxb2 41. Ra4 Rb7 42. Kf3 Re7 43. Re4 Kf6 44. Ke3 Rxe4+ 45. Kxe4 Ke6 46. f4 f5+
47. Kd4 Kd6 48. g4 fxg4 49. hxg4 h5 50. gxh5 gxh5 51. Ke4 Ke6 52. Kf3 Kf5 53.
Kg3 a5 54. a4 Ke4 55. Kh4 Kxf4 56. Kxh5 Ke3 57. Kg4 Kd4 58. Kf3 Kc4 59. Ke2 Kb4
60. Kd2 Kxa4 61. Kc3 Ka3 62. Kc2 Ka2 63. Kc1 a4 64. Kc2 a3 65. Kc1 Ka1 66. Kc2
a2 67. Kc1 1/2-1/2

[Event "6tth ch-EUR IBCA 2015"]
[Site "Lyon FRA"]
[Date "2015.08.02"]
[Round "9.31"]
[White "Duthoit, Bernard"]
[Black "Le Brun, Yves"]
[Result "0-1"]
[WhiteElo "1372"]
[BlackElo "1396"]
[WhiteFideId "20652143"]
[BlackFideId "20652178"]
[EventDate "2015.07.25"]

1. e4 e5 2. d4 exd4 3. c3 d6 4. cxd4 Be6 5. Nf3 Be7 6. Nc3 a6 7. Bd3 Bg4 8. O-O
Nf6 9. e5 Nfd7 10. exd6 Bxd6 11. Bg5 f6 12. Be3 O-O 13. h3 Bh5 14. Qb3+ Bf7 15.
Qxb7 Nb6 16. d5 N8d7 17. Bxb6 cxb6 18. Nd4 Nc5 19. Qc6 Be8 20. Ne6 Nxe6 21. Qc4
b5 22. Qe4 Ng5 23. Qe3 Qc7 24. g3 Bd7 25. Rac1 Qb7 26. f4 Rae8 27. Qd2 Qb6+ 28.
Kh1 Nxh3 29. Kg2 Bc5 30. Rf3 Be3 31. Qxe3 Rxe3 0-1